000
00290nam a22001337a 4500
020
_a
81-87159-26-X
082
_a
827
_b
VAS/G
100
_a
VAS, PIYA MARIA
245
_a
GHOST JOKES FOR KIDS
260
_a
DELHI
_b
BLOSSOM BOOKS
_c
2002
300
_a
120
650
_a
JOKES
_z
INDIA
942
_c
BK
999
_c
5722
_d
5722